[Event "Superettan(SodraSASS-Rockaden,Sthlm II)"]
[Site "?"]
[Date "2018.11.10"]
[Round "2"]
[White "Fieandt, John"]
[Black "Zadruzny, Nicolaj"]
[Result "0-1"]
[WhiteElo "2159"]
[BlackElo "2270"]
[PlyCount "60"]
1. d4 Nf6 2. c4 e6 3. Nf3 d5 4. g3 dxc4 5. Bg2 Bb4+ 6. Bd2 a5 7. O-O O-O 8. Bg5
Nc6 9. e3 h6 10. Bxf6 Qxf6 11. a3 Bd6 12. Nbd2 e5 13. d5 Ne7 14. Nxc4 Bg4 15.
h3 Bh5 16. e4 Rfd8 17. g4 Bg6 18. Qe2 c6 19. dxc6 Nxc6 20. Nb6 Rab8 21. Nd5 Qe6
22. Rfd1 Bc5 23. Rac1 Ba7 24. Nc7 Qe7 25. Nd5 Qf8 26. Nh4 Nd4 27. Qc4 Kh7 28.
Nf5 Rbc8 29. Qd3 Bxf5 30. exf5 f6 0-1

[Event "Superettan(Alingsas-Upsala)"]
[Site "?"]
[Date "2018.11.10"]
[Round "2"]
[White "Johansson, Carl Fredrik"]
[Black "Dahlgren, Jonas"]
[Result "1-0"]
[WhiteElo "2217"]
[BlackElo "2023"]
[PlyCount "63"]
1. d4 Nf6 2. c4 c5 3. d5 b5 4. cxb5 a6 5. bxa6 Bxa6 6. Nc3 g6 7. e4 Bxf1 8.
Kxf1 d6 9. f4 Nbd7 10. Nf3 Bg7 11. e5 dxe5 12. fxe5 Ng4 13. e6 fxe6 14. h3 Nge5
15. dxe6 Nb6 16. Qxd8+ Rxd8 17. Nxe5 Bxe5 18. Bh6 Nc4 19. Re1 Bd4 20. Nb5 Rb8
21. Nxd4 cxd4 22. b3 Nd6 23. g4 Rg8 24. Rh2 Ra8 25. Rf2 Ra6 26. a4 Nb7 27. Rc2
g5 28. Re5 Rd6 29. Bxg5 Rg6 30. Rc7 Nd8 31. Rxe7+ Kf8 32. Rf5+ 1-0

[Event "Superettan(Kungstornet-Kristallen)"]
[Site "?"]
[Date "2018.11.10"]
[Round "2"]
[White "Subramanian, Aditya"]
[Black "Andersson, Fredrik"]
[Result "0-1"]
[WhiteElo "2151"]
[BlackElo "2284"]
[PlyCount "115"]
1. Nf3 Nf6 2. c4 g6 3. d4 Bg7 4. g3 O-O 5. Bg2 d6 6. O-O Nbd7 7. Nc3 e5 8. b3
Re8 9. e4 exd4 10. Nxd4 Nc5 11. Re1 Ng4 12. Bb2 Ne5 13. Re3 c6 14. Qd2 Qb6 15.
h3 a5 16. Rd1 a4 17. Qc2 axb3 18. axb3 Ned7 19. Nce2 Ra2 20. Qb1 Ra8 21. Bc3
Nf8 22. b4 Ncd7 23. Qb3 Bh6 24. Nf4 Ne5 25. Re2 Bg7 26. Nc2 Be6 27. Nxe6 Nxe6
28. Ne3 Nc5 29. Qc2 Na4 30. Be1 Red8 31. f4 Nxc4 32. Qxc4 Nb2 33. Rxb2 Bxb2 34.
Bf2 Qa6 35. Qxa6 Rxa6 36. Be1 Ra1 37. Kf1 Rxd1 38. Nxd1 Bd4 39. Bc3 Bxc3 40.
Nxc3 Ra8 41. Ke2 Kf8 42. Kd3 Ra1 43. Bf3 Rf1 44. Bg4 Ke7 45. Bc8 Rf3+ 46. Kd2
Rxg3 47. Ne2 Rb3 48. Bxb7 c5 49. Nc3 cxb4 50. Nd5+ Kd8 51. Ba6 Rxh3 52. Nxb4 h5
53. Bc4 Ke8 54. Nd3 f6 55. Ke2 g5 56. fxg5 fxg5 57. Nf2 Rg3 58. Be6 0-1

[Event "Superettan(SodraSASS-Rockaden,Sthlm II)"]
[Site "?"]
[Date "2018.11.10"]
[Round "2"]
[White "Tuomainen, Felix"]
[Black "Adler, Bo"]
[Result "1-0"]
[WhiteElo "2182"]
[BlackElo "2156"]
[PlyCount "67"]
1. d4 Nf6 2. c4 e6 3. Nf3 d5 4. Nc3 Be7 5. Bf4 O-O 6. e3 b6 7. cxd5 exd5 8. Bd3
Bb7 9. O-O Na6 10. Ne5 c5 11. Bg5 Nc7 12. f4 Ne4 13. Bxe7 Qxe7 14. Qe2 cxd4 15.
exd4 Ne6 16. Bxe4 dxe4 17. d5 Nxf4 18. Rxf4 Qxe5 19. Rxe4 Qd6 20. Rd1 Rad8 21.
Qe3 a6 22. h3 h6 23. Kh1 Rd7 24. Na4 Qf6 25. Re5 Rfd8 26. Re8+ Kh7 27. Rxd8
Rxd8 28. Nc3 Qf5 29. Qxb6 Bxd5 30. Nxd5 Rxd5 31. Rxd5 Qxd5 32. Qxa6 Qd2 33. Qb7
f5 34. Qf3 1-0

[Event "Superettan(Alingsas-Upsala)"]
[Site "?"]
[Date "2018.11.10"]
[Round "2"]
[White "Bjorklund, Thomas"]
[Black "Cardenas, William"]
[Result "1/2-1/2"]
[WhiteElo "2162"]
[BlackElo "2089"]
[PlyCount "83"]
1. e4 c6 2. d4 d5 3. exd5 cxd5 4. Bd3 Nc6 5. Ne2 Bg4 6. f3 Bh5 7. c3 e6 8. Qb3
Qd7 9. Nf4 Bg6 10. Nxg6 hxg6 11. Bf4 Nf6 12. Nd2 Bd6 13. Bxd6 Qxd6 14. O-O-O
O-O 15. Kb1 Rab8 16. Bb5 a6 17. Bxc6 bxc6 18. Qc2 c5 19. dxc5 Qxc5 20. Nb3 Qc7
21. Ka1 Rfc8 22. g3 a5 23. Nc1 Qc6 24. Ne2 Qb6 25. Rhe1 a4 26. Rd4 Rc4 27. Rxc4
dxc4 28. Nd4 Nd5 29. f4 Rb7 30. h4 a3 31. bxa3 Qa5 32. a4 Rd7 33. Nb5 Nb6 34.
Re5 Rd5 35. Rxd5 exd5 36. Qd1 Nxa4 37. Qxd5 Nxc3 38. Qd2 Qxb5 39. Qxc3 f6 40.
a3 Kf7 41. Qe3 Qb7 42. Ka2 1/2-1/2

[Event "Superettan(Kungstornet-Kristallen)"]
[Site "?"]
[Date "2018.11.10"]
[Round "2"]
[White "Couso, Luis"]
[Black "Hansson, Fredrik"]
[Result "1-0"]
[WhiteElo "2262"]
[BlackElo "2171"]
[PlyCount "67"]
1. c4 c5 2. g3 Nc6 3. Bg2 g6 4. Nf3 Bg7 5. O-O e5 6. Nc3 Nge7 7. a3 O-O 8. b4
cxb4 9. axb4 Nxb4 10. Ba3 Nbc6 11. Ne1 Re8 12. Nc2 Nf5 13. Ne3 Nxe3 14. fxe3 d6
15. Ne4 Re6 16. g4 f5 17. gxf5 gxf5 18. Rxf5 Rg6 19. Rf3 Qh4 20. Rg3 Rh6 21. h3
Bf5 22. Qb3 Na5 23. Qb5 Bxe4 24. Rg4 Bc6 25. Rxh4 Bxb5 26. Rxh6 Bxh6 27. cxb5
Rd8 28. Bb4 b6 29. Bd5+ Kg7 30. Kg2 Rd7 31. Kf3 Kf6 32. Ke4 Ke7 33. Rf1 Ke8 34.
Bxa5 1-0

[Event "Superettan(SodraSASS-Rockaden,Sthlm II)"]
[Site "?"]
[Date "2018.11.10"]
[Round "2"]
[White "Fors, Tomas"]
[Black "Sorensen, Hampus"]
[Result "1/2-1/2"]
[WhiteElo "2138"]
[BlackElo "2192"]
[PlyCount "134"]
1. d4 d5 2. c4 dxc4 3. Nf3 Nf6 4. e3 b5 5. a4 b4 6. Bxc4 e6 7. O-O Be7 8. Qe2
Bb7 9. Nbd2 O-O 10. e4 c5 11. dxc5 Nbd7 12. c6 Bxc6 13. Nd4 Bb7 14. e5 Nd5 15.
N2b3 Qc7 16. Re1 Rac8 17. Bd3 Rfd8 18. Bd2 Qb8 19. Na5 Nc5 20. Bb5 Qa8 21. Nxb7
Qxb7 22. Qg4 a6 23. Bf1 Rc7 24. Bh6 g6 25. Nf3 Rcd7 26. h4 Nc7 27. h5 Ne8 28.
hxg6 hxg6 29. Bg5 Ng7 30. Bxe7 Rxe7 31. Ng5 Nh5 32. Qh4 Kg7 33. g4 Rh8 34. Bg2
Qxg2+ 35. Kxg2 Nf4+ 36. Kg3 Rxh4 37. Kxh4 Ng2+ 38. Kg3 Nxe1 39. Rxe1 Rd7 40.
Ne4 Nxe4+ 41. Rxe4 a5 42. Rc4 Rd5 43. f4 g5 44. Kf3 Rd3+ 45. Ke4 Rg3 46. fxg5
Rxg4+ 47. Kd3 Rxg5 48. Rc5 Rg2 49. b3 Rb2 50. Rxa5 Rxb3+ 51. Kc4 Rb1 52. Rb5
Kg6 53. Rxb4 Ra1 54. Kb3 Kf5 55. Rb5 Ke4 56. a5 Kd4 57. Kb4 Rb1+ 58. Ka4 Ra1+
59. Kb4 Rb1+ 60. Ka4 Rf1 61. Kb4 Ra1 62. Kb3 Rc1 63. Kb4 Rc4+ 64. Kb3 Rc3+ 65.
Kb4 Rc4+ 66. Kb3 Rc3+ 67. Kb4 Rc4+ 1/2-1/2

[Event "Superettan(Alingsas-Upsala)"]
[Site "?"]
[Date "2018.11.10"]
[Round "2"]
[White "Burwick, Malte"]
[Black "Bergre, Joachim"]
[Result "1-0"]
[WhiteElo "2210"]
[BlackElo "1954"]
[PlyCount "59"]
1. c4 Nf6 2. g3 g6 3. b3 Bg7 4. Bb2 O-O 5. Bg2 c5 6. Nf3 Nc6 7. O-O b6 8. d4
cxd4 9. Nxd4 Bb7 10. Nc3 Rb8 11. Nc2 d6 12. e4 a6 13. Qe2 Nd7 14. Rad1 Nc5 15.
f4 Qe8 16. b4 Ne6 17. a3 a5 18. Qe3 axb4 19. axb4 Ba8 20. Ba1 Nc7 21. Nd5 Nxd5
22. exd5 Nd8 23. Bxg7 Kxg7 24. f5 Qd7 25. f6+ exf6 26. Qd4 Kg8 27. Qxf6 b5 28.
c5 dxc5 29. bxc5 Qa7 30. Qd4 1-0

[Event "Superettan(Kungstornet-Kristallen)"]
[Site "?"]
[Date "2018.11.10"]
[Round "2"]
[White "Gamback, Bjorn"]
[Black "Glimbrant, Torbjorn"]
[Result "1/2-1/2"]
[WhiteElo "2107"]
[BlackElo "2261"]
[PlyCount "85"]
1. Nf3 Nf6 2. c4 g6 3. b4 Bg7 4. Bb2 O-O 5. e3 d6 6. Be2 e5 7. d3 a5 8. b5 Nbd7
9. O-O Nc5 10. Nc3 Re8 11. Qc2 Bf5 12. Ne1 c6 13. Bf3 Rc8 14. bxc6 bxc6 15. Ne4
Nfxe4 16. dxe4 Be6 17. Nd3 Nd7 18. Rac1 Qb6 19. Ba3 c5 20. Nb2 Qa6 21. Na4 Nb8
22. Qd3 Bf8 23. Be2 Nc6 24. Nc3 Nb4 25. Bxb4 axb4 26. Nd5 Bxd5 27. cxd5 Qxd3
28. Bxd3 Ra8 29. Bc4 Ra3 30. Rc2 h5 31. Rd1 Rea8 32. Kf1 Bh6 33. Rd3 f5 34. Ke2
fxe4 35. Rxa3 Rxa3 36. Bb3 Bg5 37. Rc4 Kg7 38. Rxe4 Ra7 39. Rc4 Bf6 40. Kd3 Kh6
41. Ke4 Bg5 42. Rc2 Bf6 43. Bc4 1/2-1/2

[Event "Superettan(SodraSASS-Rockaden,Sthlm II)"]
[Site "?"]
[Date "2018.11.10"]
[Round "2"]
[White "Nikolic, Vladan"]
[Black "Alquist, Erik"]
[Result "1-0"]
[WhiteElo "2149"]
[BlackElo "2065"]
[PlyCount "79"]
1. d4 Nf6 2. c4 g6 3. Nc3 Bg7 4. e4 d6 5. h3 O-O 6. Bg5 c5 7. d5 e6 8. Nf3 exd5
9. exd5 Na6 10. Be2 Qb6 11. Qd2 Re8 12. O-O Ne4 13. Nxe4 Rxe4 14. Bd3 Re8 15.
Rae1 Bd7 16. b3 Qc7 17. Qf4 Nb4 18. Bb1 f6 19. Bh4 f5 20. Be7 Bf8 21. Bxf8 Rxf8
22. Re7 Rae8 23. Rfe1 Rxe7 24. Rxe7 Re8 25. Qh4 Rxe7 26. Qxe7 Na6 27. Ng5 Bc8
28. Qe8+ Kg7 29. h4 h6 30. Ne6+ Bxe6 31. dxe6 Kf6 32. h5 Qg7 33. e7 Qxe7 34.
Qxg6+ Ke5 35. Qxf5+ Kd4 36. Qd3+ Ke5 37. f4+ Kxf4 38. Qf5+ Kg3 39. Qf3+ Kh4 40.
g3+ 1-0

[Event "Superettan(Alingsas-Upsala)"]
[Site "?"]
[Date "2018.11.10"]
[Round "2"]
[White "Johansson, Mikael"]
[Black "Nilsson, Joakim"]
[Result "0-1"]
[WhiteElo "1968"]
[BlackElo "2162"]
[PlyCount "62"]
1. d4 d5 2. c4 e6 3. Nf3 Nf6 4. g3 dxc4 5. Qa4+ Bd7 6. Qxc4 b5 7. Qc2 Na6 8.
Bg2 c5 9. O-O Rc8 10. Qd1 Bc6 11. a4 b4 12. Qd3 Nb8 13. b3 Nbd7 14. Nbd2 cxd4
15. Qxd4 Bc5 16. Qh4 Be7 17. Nc4 O-O 18. Bb2 Nd5 19. Qh3 Nc3 20. Rfe1 Nc5 21.
Nfd2 Bd5 22. Bxd5 Qxd5 23. Qg2 Rfd8 24. e4 Qa8 25. Re3 Nd3 26. Bc1 Bc5 27. Qf3
Bxe3 28. Qxe3 Qc6 29. Bb2 Qc5 30. Qxc5 Rxc5 31. Nf1 Rxc4 0-1

[Event "Superettan(Kungstornet-Kristallen)"]
[Site "?"]
[Date "2018.11.10"]
[Round "2"]
[White "Henriksson, Johan"]
[Black "Hesselborn, Per Ove"]
[Result "1-0"]
[WhiteElo "2259"]
[BlackElo "2157"]
[PlyCount "97"]
1. d4 g6 2. g3 Bg7 3. Bg2 d6 4. Nf3 Nd7 5. O-O e5 6. c4 Ne7 7. b3 O-O 8. Bb2
Nc6 9. Qd2 exd4 10. Nxd4 Nxd4 11. Bxd4 Bxd4 12. Qxd4 Qf6 13. Rd1 Qxd4 14. Rxd4
Nf6 15. Nc3 a6 16. Rc1 Re8 17. e3 Rb8 18. Nd5 Nxd5 19. cxd5 Re7 20. Rdc4 Kf8
21. Rxc7 Rxc7 22. Rxc7 Ke8 23. h4 Bd7 24. Kh2 Kd8 25. Rc4 a5 26. Bh3 b5 27. Rc1
Be8 28. a3 Bd7 29. e4 f6 30. f4 Bxh3 31. Kxh3 Kd7 32. Rc6 b4 33. axb4 Rxb4 34.
Ra6 Rxb3 35. Rxa5 Re3 36. Ra7+ Ke8 37. Rxh7 Rxe4 38. Rg7 Rd4 39. Rxg6 Kf7 40.
f5 Rxd5 41. g4 Re5 42. h5 Re8 43. h6 Rg8 44. Rxg8 Kxg8 45. g5 fxg5 46. f6 d5
47. Kg4 d4 48. Kxg5 Kh7 49. f7 1-0

[Event "Superettan(SodraSASS-Rockaden,Sthlm II)"]
[Site "?"]
[Date "2018.11.10"]
[Round "2"]
[White "Soderberg, Per"]
[Black "Eriksson, Dan"]
[Result "0-1"]
[WhiteElo "2143"]
[BlackElo "2167"]
[PlyCount "92"]
1. e4 e5 2. Nf3 Nc6 3. c3 d5 4. Qa4 f6 5. d3 Be6 6. Be3 Bd6 7. Nbd2 Nge7 8. d4
O-O 9. O-O-O Qe8 10. c4 exd4 11. Nxd4 Nxd4 12. Qxe8 Rfxe8 13. Bxd4 dxe4 14.
Nxe4 Bf4+ 15. Nd2 Nf5 16. Bc3 Nd6 17. g3 Bxd2+ 18. Rxd2 Nxc4 19. Bxc4 Bxc4 20.
b3 Be6 21. Re1 a5 22. Rde2 Kf7 23. Kb2 a4 24. f4 g6 25. Re4 axb3 26. axb3 c5
27. Ra4 b5 28. Rxa8 Rxa8 29. Re3 b4 30. Bd2 Rd8 31. Kc1 Rd5 32. Kc2 Rd4 33. Kc1
Bf5 34. Be1 Be4 35. Bd2 Ke6 36. Re2 Kd5 37. Re3 Kc6 38. Re2 Kb5 39. Be1 f5 40.
Bf2 Rd7 41. Re3 c4 42. bxc4+ Kxc4 43. Be1 Rd4 44. h3 Kb5 45. Kb2 Rd1 46. Ka2
Kc4 0-1

[Event "Superettan(Vasteras II-Vaxjo)"]
[Site "?"]
[Date "2018.11.10"]
[Round "2"]
[White "Christiansen, Johan-Sebastian"]
[Black "Eriksson, Anders"]
[Result "1-0"]
[WhiteElo "2525"]
[BlackElo "2239"]
[PlyCount "79"]
1. Nf3 Nf6 2. c4 c5 3. g3 b6 4. Bg2 Bb7 5. O-O e6 6. Nc3 Be7 7. Re1 O-O 8. e4
d6 9. d4 cxd4 10. Nxd4 Qc8 11. Be3 a6 12. Rc1 Nbd7 13. f4 Re8 14. Bf2 h6 15. b3
Ra7 16. h3 Ba8 17. Qd2 Rc7 18. g4 Nh7 19. Nf3 Qb8 20. a4 Nc5 21. Rb1 Rd8 22.
Bg3 Bf6 23. Nd4 e5 24. Nf5 exf4 25. Bxf4 Be5 26. Nd5 Rcd7 27. Bxe5 dxe5 28. Qe3
Nf8 29. a5 Bxd5 30. exd5 Ng6 31. axb6 Qxb6 32. b4 Na4 33. c5 Qb5 34. Bf1 Qb8
35. d6 Qb7 36. Rec1 Qd5 37. Bg2 Qe6 38. Bc6 Nf4 39. Bxa4 Qa2 40. Bc2 1-0

[Event "Superettan(Burgsvik-Manhem)"]
[Site "?"]
[Date "2018.11.10"]
[Round "2"]
[White "Rozentalis, Eduardas"]
[Black "Krupenski, Juri"]
[Result "0-1"]
[WhiteElo "2510"]
[BlackElo "2402"]
[PlyCount "88"]
[SourceDate "2018.11.15"]
1. e4 c6 2. d4 d5 3. Nd2 dxe4 4. Nxe4 Nf6 5. Nxf6+ exf6 6. c3 Bd6 7. Bd3 O-O 8.
Qc2 Re8+ 9. Ne2 h5 10. Be3 Be6 11. O-O-O Nd7 12. Kb1 b5 13. Ng3 Qa5 14. b3 Nb6
15. Bd2 Nd5 16. c4 Nb4 17. c5 Bf4 18. Bxb4 Qxb4 19. Bh7+ Kh8 20. Be4 Rec8 21.
Kb2 h4 22. Ne2 Bh6 23. Qc3 Qxc3+ 24. Nxc3 f5 25. Bf3 b4 26. Nb5 cxb5 27. Bxa8
Rxa8 28. d5 Bd7 29. Rhe1 Bg5 30. c6 Be8 31. Re2 Kg8 32. Rc2 Bf6+ 33. Kb1 Bc3
34. Re2 Kf8 35. c7 Bd7 36. d6 Re8 37. Rxe8+ Kxe8 38. Rd3 f4 39. Rd5 a6 40. Rh5
g6 41. Rxh4 Bf5+ 42. Kc1 Bf6 43. Rh7 f3 44. gxf3 Kf8 0-1

[Event "Superettan(Vasteras II-Vaxjo)"]
[Site "?"]
[Date "2018.11.10"]
[Round "2"]
[White "Landgren, Andreas"]
[Black "Solodovnichenko, Yuri"]
[Result "0-1"]
[WhiteElo "2276"]
[BlackElo "2554"]
[PlyCount "146"]
1. d4 d6 2. e4 g6 3. Nc3 Bg7 4. Be3 Nd7 5. Qd2 c6 6. Nf3 b5 7. Bd3 Nb6 8. b3
Bg4 9. Rd1 Nf6 10. Bh6 O-O 11. Bxg7 Kxg7 12. Qf4 Qc7 13. Be2 Bxf3 14. Bxf3 e5
15. dxe5 dxe5 16. Qe3 b4 17. Nb1 c5 18. O-O c4 19. c3 a5 20. Rc1 Rfc8 21. Be2
Qc5 22. Qxc5 Rxc5 23. f3 cxb3 24. axb3 Rac8 25. c4 a4 26. bxa4 Nxa4 27. Nd2 Nc3
28. Kf2 Ra5 29. Ra1 Ra3 30. Rxa3 bxa3 31. Nb1 Nxb1 32. Rxb1 Nd7 33. Ra1 Ra8 34.
Ra2 Kf6 35. Ke1 Ke7 36. Kd2 Kd6 37. Kc3 Kc5 38. Bd1 Nb8 39. Bb3 Nc6 40. Rd2 Nd4
41. Ba2 Rd8 42. Rf2 g5 43. Bb1 Rb8 44. Ba2 Rb6 45. Rd2 Rd6 46. Bb1 Rh6 47. h3
Rb6 48. Ba2 h5 49. Rf2 h4 50. Rd2 f6 51. Rf2 Rb2 52. Rxb2 axb2 53. Kxb2 Ne2 54.
Bb3 Nf4 55. Kc3 Nxg2 56. Ba4 Kd6 57. c5+ Kxc5 58. Bd7 Nf4 59. Bg4 Ne2+ 60. Kd3
Nd4 61. Kc3 Nb5+ 62. Kd3 Kb4 63. Be6 Nd4 64. Bg4 Nb3 65. Bc8 Nc5+ 66. Kd2 Kc4
67. Ke3 Kc3 68. Bg4 Nd3 69. Bc8 Nf4 70. Bd7 Kc2 71. Bc8 Kd1 72. Kf2 Kd2 73. Bd7
Nd3+ 0-1

[Event "Superettan(Burgsvik-Manhem)"]
[Site "?"]
[Date "2018.11.10"]
[Round "2"]
[White "Andersson, Tommy"]
[Black "Al Hadarani, Hatim"]
[Result "1-0"]
[WhiteElo "2406"]
[BlackElo "2318"]
[PlyCount "77"]
1. d4 f5 2. g3 d5 3. Bg2 e6 4. Nf3 Bd6 5. O-O Nf6 6. c4 c6 7. b3 Qe7 8. Bf4
Bxf4 9. gxf4 O-O 10. Nbd2 b6 11. Ne5 Bb7 12. Rc1 Na6 13. e3 c5 14. dxc5 bxc5
15. cxd5 exd5 16. Qc2 Rad8 17. Rfd1 Ne4 18. Nf1 Rd6 19. f3 Nf6 20. Ng3 g6 21.
Bf1 Rc8 22. Bb5 d4 23. Qg2 Kh8 24. exd4 cxd4 25. Rxc8+ Bxc8 26. Qb2 Nc7 27. Bc4
Be6 28. Rxd4 Bxc4 29. Rxc4 Rd1+ 30. Kf2 Ncd5 31. Nf1 Kg8 32. Ke2 Rxf1 33. Rc8+
Kg7 34. Kxf1 Nxf4 35. Rc6 N4d5 36. Qd4 Qa3 37. Nd7 Qe7 38. Nxf6 Nxf6 39. Qd6
1-0

[Event "Superettan(Vasteras II-Vaxjo)"]
[Site "?"]
[Date "2018.11.10"]
[Round "2"]
[White "Lindberg, Bengt"]
[Black "Janse, Love"]
[Result "1-0"]
[WhiteElo "2406"]
[BlackElo "2214"]
[PlyCount "63"]
1. e4 e6 2. d4 d5 3. Nc3 Bb4 4. e5 c5 5. a3 Bxc3+ 6. bxc3 Qc7 7. Qg4 f5 8. Qg3
cxd4 9. cxd4 Ne7 10. Ne2 O-O 11. Bg5 Ng6 12. h4 f4 13. Qd3 b6 14. h5 Nxe5 15.
Qc3 Qxc3+ 16. Nxc3 Nec6 17. O-O-O Rf5 18. Bh4 Rxh5 19. Be2 Rf5 20. Bg4 Rf8 21.
Rhe1 h6 22. f3 g5 23. Bf2 Nd8 24. Nxd5 h5 25. Bh3 g4 26. Ne7+ Kf7 27. Nxc8 gxh3
28. Nd6+ Ke7 29. Nb5 a6 30. Nc7 Ra7 31. d5 Nd7 32. Bh4+ 1-0

[Event "Superettan(Burgsvik-Manhem)"]
[Site "?"]
[Date "2018.11.10"]
[Round "2"]
[White "Welin, Mats"]
[Black "Linusson, Pelle"]
[Result "1-0"]
[WhiteElo "2315"]
[BlackElo "2228"]
[PlyCount "55"]
1. e4 c5 2. Nf3 e6 3. d4 cxd4 4. Nxd4 Nc6 5. Nc3 Qc7 6. Be3 a6 7. Qd2 Nf6 8.
O-O-O Be7 9. f3 h5 10. Nxc6 dxc6 11. Qf2 c5 12. Qg3 Qxg3 13. hxg3 b5 14. a4 b4
15. Nb1 Bb7 16. Nd2 O-O-O 17. Be2 Nd7 18. Nc4 e5 19. Nd6+ Bxd6 20. Rxd6 Kc7 21.
Rhd1 Rhf8 22. Bxa6 Bxa6 23. Rxa6 Ra8 24. Rad6 Rfd8 25. b3 f6 26. R1d5 Rac8 27.
Re6 Kb7 28. Re7 1-0

[Event "Superettan(Vasteras II-Vaxjo)"]
[Site "?"]
[Date "2018.11.10"]
[Round "2"]
[White "Kretz, Johan"]
[Black "Rydstrom, Tom"]
[Result "0-1"]
[WhiteElo "2220"]
[BlackElo "2310"]
[PlyCount "116"]
1. d4 Nf6 2. c4 e6 3. Nf3 d5 4. Nc3 c6 5. Bg5 dxc4 6. e4 b5 7. e5 h6 8. Bh4 g5
9. exf6 gxh4 10. Ne5 Qxf6 11. g3 Nd7 12. Nxc6 Bb7 13. Bg2 Rc8 14. d5 h3 15.
Bxh3 Ne5 16. Ne4 Qf3 17. Bg2 Qxd1+ 18. Rxd1 Bxc6 19. dxc6 Nxc6 20. Ke2 Nb4 21.
Nd6+ Bxd6 22. Rxd6 Ke7 23. Rd2 Rhd8 24. Be4 Rxd2+ 25. Kxd2 Rd8+ 26. Ke2 f5 27.
a3 Nd3 28. Bc6 a6 29. Rb1 Nc5 30. f4 Nb3 31. Bb7 Rd2+ 32. Ke3 Rd3+ 33. Ke2 Nc5
34. Ba8 Rb3 35. Kd1 Kd6 36. Kc2 a5 37. Bh1 Re3 38. Rd1+ Kc7 39. Bg2 b4 40. axb4
axb4 41. Bf1 c3 42. bxc3 Rxc3+ 43. Kb1 Rf3 44. Bg2 Rf2 45. Rc1 Kb6 46. Rc2 Rxc2
47. Kxc2 Kb5 48. Bf1+ Ka4 49. Kb2 b3 50. Be2 Kb4 51. g4 Na4+ 52. Kc1 Nc3 53.
Bd3 fxg4 54. f5 exf5 55. Bxf5 h5 56. Kd2 b2 57. Ke3 h4 58. Kf4 Nd5+ 0-1

[Event "Superettan(Burgsvik-Manhem)"]
[Site "?"]
[Date "2018.11.10"]
[Round "2"]
[White "Persson, Mats"]
[Black "Akesson, Joel"]
[Result "1-0"]
[WhiteElo "2287"]
[BlackElo "2267"]
[PlyCount "147"]
1. e4 e6 2. d4 d5 3. Nc3 Bb4 4. e5 b6 5. Qg4 Bf8 6. Bb5+ c6 7. Ba4 a5 8. a3 Ba6
9. Nce2 Bxe2 10. Nxe2 b5 11. Bb3 a4 12. Ba2 Nd7 13. O-O Nb6 14. c3 Nc4 15. f4
g6 16. Qf3 h5 17. g3 Nh6 18. Bb1 Kd7 19. Bd3 Kc8 20. h3 Ra7 21. Kg2 Nf5 22. Rb1
Qe7 23. Rd1 Ra8 24. Qf2 Nh6 25. Ng1 Nf5 26. Nf3 Bg7 27. Re1 Na5 28. Re2 Kc7 29.
Bd2 Nc4 30. Qg1 Bh6 31. Bc1 Na5 32. Qf2 Bg7 33. Bd2 Nc4 34. Be1 Nh6 35. Qg1 Qd7
36. Bf2 Nf5 37. g4 Ne7 38. Bh4 Bh6 39. Bf6 Rhg8 40. Kg3 Na5 41. Rf1 Raf8 42.
Qe3 Nc4 43. Qc1 Nc8 44. Kh2 hxg4 45. hxg4 Bg7 46. g5 Ne7 47. Bxe7 Qxe7 48. Kg3
Rh8 49. Bxc4 bxc4 50. Qc2 Ra8 51. Rh2 Rxh2 52. Nxh2 Qf8 53. Ng4 Qh8 54. Nf2 Kd7
55. Rh1 Qb8 56. Rh7 Qg8 57. Rh2 Ke7 58. Ng4 Ra7 59. Qd1 Ra8 60. Qc2 Ra7 61. Rh3
Ra8 62. Kf3 Ra7 63. Qh2 Rb7 64. Rh7 Qf8 65. Nf6 Kd8 66. Kg3 Ke7 67. Kg4 Kd8 68.
Kf3 Ke7 69. Kg3 Kd8 70. Rxg7 Qxg7 71. Qh6 Qxh6 72. gxh6 Rb5 73. h7 Kc7 74. Ng8
1-0

[Event "Superettan(Vasteras II-Vaxjo)"]
[Site "?"]
[Date "2018.11.10"]
[Round "2"]
[White "Olofsson-Dolk, Mattis"]
[Black "Nordebrink, Johan"]
[Result "1-0"]
[WhiteElo "2171"]
[BlackElo "2146"]
[PlyCount "45"]
1. e4 d5 2. exd5 Nf6 3. Nf3 Nxd5 4. d4 g6 5. c4 Nb6 6. Nc3 Bg7 7. c5 Nd5 8. Bc4
c6 9. Qb3 O-O 10. O-O Nxc3 11. bxc3 b5 12. cxb6 axb6 13. Re1 b5 14. Bd3 Qd6 15.
Ng5 e5 16. a4 Qc7 17. Ba3 bxa4 18. Qa2 Rd8 19. Bc4 Rd7 20. dxe5 Bxe5 21. f4 Bd6
22. Bxf7+ Rxf7 23. Bxd6 1-0

[Event "Superettan(Burgsvik-Manhem)"]
[Site "?"]
[Date "2018.11.10"]
[Round "2"]
[White "Carlhammar, Magnus"]
[Black "Akerman, Axel"]
[Result "1-0"]
[WhiteElo "2281"]
[BlackElo "2151"]
[PlyCount "87"]
1. d4 d5 2. Nf3 Nf6 3. g3 e6 4. Bg2 Be7 5. O-O O-O 6. c4 dxc4 7. Ne5 c5 8. dxc5
Qxd1 9. Rxd1 Bxc5 10. Nc3 Nbd7 11. Nxc4 a6 12. Bf4 Ng4 13. Ne4 Ba7 14. h3 e5
15. Bc1 f5 16. hxg4 fxe4 17. Be3 Nf6 18. Bxa7 Rxa7 19. g5 Ng4 20. Bxe4 Be6 21.
Bd5 Bxd5 22. Rxd5 Nxf2 23. Nb6 Nh3+ 24. Kg2 Nxg5 25. Rxe5 h6 26. a4 a5 27. Rf1
Rd8 28. Nc4 Rd4 29. b3 b6 30. Rf4 Rd1 31. Rf1 Rd4 32. Re8+ Kh7 33. Rff8 Nf7 34.
Rb8 Re4 35. Rfe8 Rxe8 36. Rxe8 Rb7 37. Rc8 b5 38. Nxa5 Re7 39. axb5 Rxe2+ 40.
Kf1 Re5 41. b6 Rxa5 42. b7 Ra1+ 43. Ke2 Ra2+ 44. Kd1 1-0

[Event "Superettan(Vasteras II-Vaxjo)"]
[Site "?"]
[Date "2018.11.10"]
[Round "2"]
[White "Norberg, Erik"]
[Black "Sevastianov, Andrii"]
[Result "0-1"]
[WhiteElo "2219"]
[BlackElo "2116"]
[PlyCount "74"]
1. g3 e5 2. Bg2 Nf6 3. c4 Nc6 4. Nc3 Bc5 5. Nf3 d6 6. d3 h6 7. O-O O-O 8. Nd2
a6 9. h3 Be6 10. Kh2 Qd7 11. a3 Rae8 12. b4 Ba7 13. Nd5 Nh7 14. e4 Nd8 15. Nb3
c6 16. Nc3 f5 17. exf5 Rxf5 18. Ne4 Ref8 19. f4 exf4 20. gxf4 R5f7 21. c5 Bb8
22. cxd6 Bxd6 23. Nbc5 Qc7 24. Nxd6 Qxd6 25. Qe2 Bd5 26. Ne4 Qc7 27. Kh1 Ne6
28. f5 Rxf5 29. Rxf5 Rxf5 30. Qg4 Qe5 31. Rb1 Nf6 32. Nxf6+ Qxf6 33. Bb2 Bxg2+
34. Qxg2 Qf7 35. Re1 Nf4 36. Qg3 Nxh3 37. Bxg7 Nf2+ 0-1

[Event "Superettan(Burgsvik-Manhem)"]
[Site "?"]
[Date "2018.11.10"]
[Round "2"]
[White "Vovk, Ilja"]
[Black "Al Waeli, Laith"]
[Result "1-0"]
[WhiteElo "2284"]
[BlackElo "2071"]
[PlyCount "45"]
1. e4 e6 2. Nf3 d5 3. Nc3 Nf6 4. e5 Nfd7 5. d4 Be7 6. h4 c5 7. Bg5 a6 8. dxc5
Nc6 9. Qd2 Ncxe5 10. Nxe5 Nxe5 11. O-O-O h6 12. Bxe7 Qxe7 13. Qd4 f6 14. Bd3
O-O 15. f4 Nc6 16. Qf2 d4 17. Ne4 f5 18. Nd6 b5 19. g4 Qa7 20. gxf5 exf5 21.
Rhg1 Be6 22. Rg2 Nd8 23. Rdg1 1-0

[Event "Superettan(Vasteras II-Vaxjo)"]
[Site "?"]
[Date "2018.11.10"]
[Round "2"]
[White "Neretljak, Nedzad"]
[Black "Carlsson, Andreas"]
[Result "1-0"]
[WhiteElo "2131"]
[BlackElo "2030"]
[PlyCount "91"]
1. e4 c5 2. Nf3 g6 3. c4 Nc6 4. d4 cxd4 5. Nxd4 Bg7 6. Nc2 d6 7. Nc3 Nf6 8. Be2
Be6 9. O-O O-O 10. Ne3 Qa5 11. a3 Rfc8 12. Ned5 Bxd5 13. cxd5 Ne5 14. Be3 Rxc3
15. bxc3 Nxe4 16. c4 Rc8 17. Qc2 f5 18. Rab1 b6 19. Rb3 Kh8 20. Rc1 Bf6 21. Bd3
Nc5 22. Bxc5 Qxc5 23. Bf1 Ng4 24. Rf3 Bd4 25. h3 Nf6 26. Bd3 Qa5 27. Qd1 Be5
28. Rb1 Rc7 29. a4 Rc5 30. Rb5 Qa6 31. Rxc5 bxc5 32. g3 Kg7 33. Kg2 Bd4 34. Qb3
h5 35. Qb5 Qc8 36. a5 Nd7 37. Be2 Ne5 38. Rb3 Qd8 39. f4 Nf7 40. a6 Kf6 41. Qa4
e5 42. dxe6 Kxe6 43. Rb7 Kf6 44. Qd7 Qf8 45. Rxa7 Nh6 46. Qe7+ 1-0

[Event "Superettan(Burgsvik-Manhem)"]
[Site "?"]
[Date "2018.11.10"]
[Round "2"]
[White "Storme, Isak"]
[Black "Fraenkel, Mikael"]
[Result "1-0"]
[WhiteElo "2260"]
[BlackElo "2043"]
[PlyCount "61"]
1. e4 c5 2. Nf3 Nc6 3. Bb5 Na5 4. O-O a6 5. Be2 Nf6 6. e5 Nd5 7. d4 cxd4 8. c4
Nb6 9. Qxd4 Nc6 10. Qh4 Qc7 11. Bf4 e6 12. Nc3 h6 13. Ne4 Be7 14. Qg3 g5 15.
Be3 Rf8 16. Rad1 Rb8 17. Nd6+ Kd8 18. b4 g4 19. Qxg4 Nxe5 20. Nxe5 Bxd6 21.
Bxh6 Bxe5 22. Bxf8 d5 23. Qg8 Kd7 24. Qxf7+ Kd8 25. Qg8 Kd7 26. cxd5 Nxd5 27.
Rxd5+ exd5 28. Qxd5+ Ke8 29. Bc5 Bd7 30. Bh5+ Kd8 31. Qg8+ 1-0